000 00366pam a2200145a 44500
008 230405s2016 xxu||||| |||| 00| 0 eng d
020 _a9789351529187
082 _a617
_bBAS
100 _aBasavanthappa, B.T.
245 _aCommunity Health Nursing Vol-1
250 _a3rd Ed.
260 _aNew Delhi
_bJaypee Pub
_c2016
300 _a762+I-Xi p
906 _a003741
999 _c251993
_d251993